Statistics for Rulers of Iceland

Click here to take the quiz!

General Stats

  • This quiz has been taken 9 times
  • The average score is 6 of 7

Answer Stats

YearRuler% Correct
1523 - 1918Denmark
100%
1262 - 1397Norway
100%
1940 - 1941UK
100%
1941 - 1944USA
100%
1918 - 1940Iceland
86%
930 - 1262Icelandic Commonwealth
86%
1397 - 1523Kalmar Union
57%

Score Distribution

Percentile by Number Answered

Percent of People with Each Score

Your Score History

You have not taken this quiz